00246nam a2200109Ia 4500008004100000041001200041082001100053100002000064245004000084260000600124650000600130221030s9999 xx 000 0 und d aEnglish a105.23 aP. G. Wodehouse 0aPigs have Wingscby P. G. Wodehouse c0 aB